000 00557nam a22001937a 4500
999 _c2824
_d2824
003 AR-CdUCM
008 190305b ||||| |||| 00| 0 spa d
040 _aMUNICIPALIDAD PROVINCIAL DEL CUSCO
_cBIBLIOTECA MUNICIPAL DEL CUSCO
082 _a869.56 /
_bEC17
100 _aBryce Echenique, Alfredo
_97372
245 _aHuerto cerrado /
260 _aBarcelona :
_bBarral Editores,
_c1972.
300 _a172 páginas ;
_c18 cm.
650 _aCuentos peruanos
_97
650 _aSiglo XX
_98
650 _aLiteratura
_983
942 _2ddc
_cLIBROS
945 _admma